Library of the University of Algiers 3
Ibrahim Sultan Cheibout
شعار جامعة الجزائر 3
مكتبة جامعة الجزائر 3
إبراهيم سلطان شيبوط

التحليل الإقتصادي الكلي : (رقم التسجيلة. 44342)

تفاصيل مارك
000 -LEADER
fixed length control field 01170nam a2200253Ia 4500
003 - CONTROL NUMBER IDENTIFIER
control field Ost
005 - DATE AND TIME OF LATEST TRANSACTION
control field 20260507075408.0
008 - FIXED-LENGTH DATA ELEMENTS--GENERAL INFORMATION
fixed length control field 260507s9999||||xx |||||||||||||| ||und||
020 ## - INTERNATIONAL STANDARD BOOK NUMBER
International Standard Book Number 4065410977
040 ## - CATALOGING SOURCE
Transcribing agency fsecg
041 ## - LANGUAGE CODE
Language code of text/sound track or separate title ara
082 ## - DEWEY DECIMAL CLASSIFICATION NUMBER
Classification number 330
100 ## - MAIN ENTRY--PERSONAL NAME
Personal name الحصري، طارق فاروق
Relator term مؤلف
245 #0 - TITLE STATEMENT
Title التحليل الإقتصادي الكلي :
Remainder of title نظرة معاصرة /
Statement of responsibility, etc. طارق فاروق الحصري
260 ## - PUBLICATION, DISTRIBUTION, ETC.
Place of publication, distribution, etc. الإسكندرية:
Name of publisher, distributor, etc. المكتبة العصرية,
Date of publication, distribution, etc. 2007
300 ## - PHYSICAL DESCRIPTION
Extent 238 صفحة؛
Other physical details إيضاحات ؛
Dimensions 23 سم
504 ## - BIBLIOGRAPHY, ETC. NOTE
Bibliography, etc. note المراجع ص.216
520 ## - SUMMARY, ETC.
Summary, etc. يضم ماهية علم الإقتصاد، تدفقات النشاط الإقتصادي الكلي، توازن الدخل القومي الإنتاجي، برامج الإصلاح الإقتصادي في مصر ظاهرة التضخم، ظاهرة البطالة ، ظاهرة التفاوت في توزيع الدخل
653 ## - INDEX TERM--UNCONTROLLED
Uncontrolled term الإقتصاد الكلي
653 ## - INDEX TERM--UNCONTROLLED
Uncontrolled term التحليل الإقتصادي
653 ## - INDEX TERM--UNCONTROLLED
Uncontrolled term التخطيط الإقتصادي
653 ## - INDEX TERM--UNCONTROLLED
Uncontrolled term مصر- التخطيط الإقتصادي
942 ## - ADDED ENTRY ELEMENTS (KOHA)
Koha item type كتب
المقتنيات
Withdrawn status Lost status Source of classification or shelving scheme Damaged status Not for loan Home library Current library Date acquired Serial enumeration / chronology Inventory number Total checkouts Full call number Barcode Date last seen Price effective from Koha item type
    Dewey Decimal Classification   NOT LOAN / إعارة داخلية مكتبة كلية العلوم الإقتصادية والعلوم التجارية وعلوم التسيير مكتبة كلية العلوم الإقتصادية والعلوم التجارية وعلوم التسيير 07/05/2026 الطابق الأرضي 26735   أ/4406ن1 26735 07/05/2026 07/05/2026 كتب
    Dewey Decimal Classification   Available مكتبة كلية العلوم الإقتصادية والعلوم التجارية وعلوم التسيير مكتبة كلية العلوم الإقتصادية والعلوم التجارية وعلوم التسيير 07/05/2026 الطابق الأرضي 26736   أ/4406ن2 26736 07/05/2026 07/05/2026 كتب
    Dewey Decimal Classification   Available مكتبة كلية العلوم الإقتصادية والعلوم التجارية وعلوم التسيير مكتبة كلية العلوم الإقتصادية والعلوم التجارية وعلوم التسيير 07/05/2026 الطابق الثاني 26737   أ/4406ن3 26737 07/05/2026 07/05/2026 كتب

موارد الويب المفتوحة


© University of Algiers 3 All Rights Reserved
|
Implemented by LECHELAH Riad